| LEADER 00000nam 2200000uu 4500 |
| 001 13399110719 |
| 003 BCNR |
| 008 110309s2552||||th 000 0 tha d |
| 020 9789749751664
|
| 041 0 tha
|
| 060 04 WB535^bณ312ร 2552
|
| 100 0 ณัฏฐา ชุณหสวัสดิกุล
|
| 245 10 โรคหายด้วยปลายนิ้ว /^cณัฏฐา ชุณหสวัสดิกุล และ บรรจบ ชุณหสวัสดิกุล
|
| 246 13 โรคหายด้วยปลายนิ้ว :^bคู่มือกดจุดรักษาปวดและโรคพบบ่อยโดยหลักเวชกรรมฝังเข็มด้วยตนเอง
|
| 250 พิมพ์ครั้งที่ 36
|
| 260 กรุงเทพฯ :^bรวมทรรศน์,^c2552
|
| 300 0162 หน้า :^bภาพประกอบ ;^c21 ซม.
|
| 440 0 ชุดธรรมชาติบำบัดและรักษาตนเอง
|
| 650 7 การนวด
|
| 650 7 การฝังเข็ม
|
| 700 0 บรรจบ ชุณหสวัสดิกุล
|
| 999 ^aบรรณารักษ์
|